[Event "Rishon Le Ziyyon-ch U18"]
[Site "Rishon Le Ziyyon"]
[Date "2023.04.02"]
[Round "7"]
[White "Kochavi, Dana"]
[Black "Bilenkiy, Maksym"]
[Result "0-1"]
[WhiteElo "1929"]
[BlackElo "1891"]
[PlyCount "66"]
[EventDate "2023.03.28"]
[EventType "swiss"]
[EventRounds "9"]
[EventCountry "ISR"]
[SourceTitle "CBM 213 Extra"]
[Source "ChessBase"]
[SourceDate "2023.05.31"]
[SourceVersion "1"]
[SourceVersionDate "2023.05.31"]
[SourceQuality "1"]

1. e4 c6 2. Nc3 d5 3. Nf3 Bg4 4. h3 Bh5 5. g4 Bg6 6. exd5 cxd5 7. Ne5 Nc6 8. Nxg6 hxg6 9. d4 e6 10. Bf4 Bd6 11. Bxd6 Qxd6 12. Qd2 Nf6 13. Be2 0-0-0 14. 0-0-0 Ne4 15. Nxe4 dxe4 16. c3 Qd5 17. Kb1 e5 18. Qc2 exd4 19. cxd4 f5 20. Bc4 Qd6 21. Bb5 Kb8 22. Bxc6 Qxc6 23. Qd2 Rd5 24. Qf4+ Qd6 25. Qe3 Rd8 26. gxf5 gxf5 27. a3 g6 28. Rhg1 Qf6 29. Qg3+ R8d6 30. Qf4 a6 31. Qh6 Rxd4 32. Rxd4 Qxd4 33. Rxg6 Qd3+ 0-1

[Event "ISR-chT U18"]
[Site "Beer Yaakov"]
[Date "2022.08.14"]
[Round "2.3"]
[White "Bilenkiy, Maksym"]
[Black "Linik, Daniel"]
[Result "1-0"]
[WhiteElo "1783"]
[BlackElo "1474"]
[PlyCount "67"]
[EventDate "2022.08.14"]
[EventType "team-swiss"]
[EventRounds "7"]
[EventCountry "ISR"]
[SourceTitle "CBM 209 Extra"]
[Source "ChessBase"]
[SourceDate "2022.09.30"]
[SourceVersion "1"]
[SourceVersionDate "2022.09.30"]
[SourceQuality "1"]

1. d4 Nf6 2. Nc3 d5 3. Bf4 e6 4. Qd2 Bb4 5. f3 c5 6. e3 Nc6 7. g4 Nd7 8. h4 e5 9. dxe5 d4 10. exd4 cxd4 11. e6 Qe7 12. 0-0-0 fxe6 13. Bg5 dxc3 14. Qe3 cxb2+ 15. Kb1 Nf6 16. Bd3 Nd5 17. Bg6+ hxg6 18. Rxd5 Qf7 19. h5 gxh5 20. Rd1 Bd7 21. Ne2 Rf8 22. Nf4 Be7 23. Bxe7 Nxe7 24. Nxh5 g6 25. Qd4 Nd5 26. Ng7+ Kd8 27. c4 Nf6 28. g5 Qxg7 29. gxf6 Qf7 30. Rd3 Rc8 31. Rhd1 Rc7 32. Qxa7 Ke8 33. Qb8+ Rc8 34. Qxc8+ 1-0